Una mirada de conjunto de la administración pública en México : antología /

Obra donde se analizan los cambios y consecuencias de la administración pública en México durante el siglo XX, a partir de su relación con El Estado y los cambios en el sistema político, marcados por la intención de transparencia, apertura y legalidad.

Guardado en:
Bibliografiske detaljer
Hovedforfatter: Pardo, María del Carmen (autor)
Format: Bog
Sprog:spansk
Udgivet: México : El Colegio de México, Centro de Estudios Internacionales, 2014, c2014
Fag:
Tags: Tilføj Tag
Ingen Tags, Vær først til at tagge denne postø!

MARC

LEADER 00000nam^a2200000^a^4500
001 000373068
005 20250521000000.0
009 20260310120028.579
020 |a 978-607-462-685-8 
037 |a Acervo ITESO - Biblioteca 
041 |a ESP 
082 |a 350. 97206  |b PAR 
100 |a Pardo, María del Carmen  |e (autor) 
245 1 4 |a Una mirada de conjunto de la administración pública en México :  |b antología /  |c M. del C. Pardo. 
264 4 |a México :  |b El Colegio de México, Centro de Estudios Internacionales,  |c 2014, c2014 
300 |a 272 p. 
336 |a texto  |b txt  |2 rdacontenido 
337 |a sin mediación  |b n  |2 rdamedio 
338 |a volumen  |b nc  |2 rdasoporte 
520 |a Obra donde se analizan los cambios y consecuencias de la administración pública en México durante el siglo XX, a partir de su relación con El Estado y los cambios en el sistema político, marcados por la intención de transparencia, apertura y legalidad. 
649 |a XX 
650 |a Burocracia -  |z México -  |x Historia -  |y Siglo XX 
650 |a Reforma Administrativa -  |z México -  |x Historia -  |y Siglo XX -  |x Tema Principal 
650 |a Cambios Políticos -  |z México -  |x Historia -  |y Siglo XX 
650 |a Administración Pública -  |z México -  |x Historia -  |y Siglo XX -  |x Tema Principal 
650 |a Política -  |z México -  |x Historia -  |y Siglo XX 
910 |a Fondo General 
920 |a Impresos - Libros 
930 |a Colección General 
905 |a 101 
901 |a 0500267324  |b IT1  |c ACC  |i C150756  |u 20250521 
902 |a https://opac.biblio.iteso.mx/vufind/Record/000373068